| 000 | 00828nam a2200241 a 4500 | ||
|---|---|---|---|
| 008 | |||
| 020 | _a019520994X (pbk.) | ||
| 049 | _aMAIN | ||
| 090 | _aHC800 | ||
| 245 | 0 | 0 |
_aAdjustment in Africa : _breforms, results, and the road ahead. |
| 260 |
_aNew York, N.Y. : _bPublished for the World Bank by Oxford University Press, _cc1994. |
||
| 300 |
_axix, 284 p. : _bill. ; _c24 cm. |
||
| 440 | 2 |
_aA World Bank policy research report, _x1020-0851 |
|
| 504 | _aIncludes bibliographical references : p. 275-284. | ||
| 650 | 0 |
_aStructural adjustment (Economic policy) _zAfrica, Sub-Saharan. |
|
| 650 | 1 | 2 |
_aEconomics _zAfrica. |
| 710 | 2 | _aWorld Bank. | |
| 907 |
_a.b10052525 _b08-07-03 _c17-04-03 |
||
| 003 | |||
| 005 | 20230123133320.0 | ||
| 040 | _cNUST | ||
| 942 |
_cBOOKS _kHC800 |
||
| 999 |
_c146466 _d146466 |
||